Un pays peut en cacher un autre - Statistiques

Statistiques générales
  • Ce quiz a été pris 96 fois
  • Le résultat moyen est 4 sur 11
Statistiques - réponses
Premier Pays Autre Pays Nombre possible % Correct
Zimbabwe Zambie 1
89%
Bosnie-Herzégovine Hongrie / Benin / Niger 3
52%
Kirghizistan Haiti / Irak 2
49%
Guatemala Malte 1
47%
Royaume-Uni Nauru / Oman 2
38%
Slovaquie Laos 1
36%
Honduras Soudan 1
36%
Bangladesh Ghana 1
31%
Corée du Sud Suede 1
27%
Biélorussie Brésil 1
25%
Royaume Uni Roumanie 1
16%
Aucun quiz correspondant
Distribution des résultats
% des personnes avec chaque résultat
Percentile par nombre de réponses
Votre historique - résultats
Vous n’avez pas pris ce quiz